000 00655nam a2200289Ia 4500
005 20260324150409.0
008 008 260324s9999 xx 000 0 eng d
020 _a9781315030968
037 _aEBOOK
040 _aCRL
040 _beng
040 _cCRL
041 _2eng
041 _aeng
084 _qCRL
100 _aHenry Dodwell
_91226280
245 0 _aDupleix and Clive
245 0 _bBeginning of Empire
260 _bTaylor and Francis
260 _c1968
365 _a
365 _b290
856 _uhttp://www.taylorfrancis.com/books/9781315030968
942 _cEBOOK
999 _c1835658
_d1835658